000 006570000a22001810004500
003 MACL
005 20160604130314.0
008 160604b xxu||||| |||| 00| 0 eng d
040 _aMACL
_cMACL
041 _aHindi
082 _a920
100 _a डॉ प्रसाद, ओम प्रकाश
_962355
245 _aऔरंगजेब एक नई दृष्टि
_cडॉ ओमप्रकाश प्रसाद
260 _bखुदा बख्‍श ओरियेन्‍टल पब्लिक लाइब्रेरी
_c1989
_aपटना
350 _a15
650 _aBiography
_962356
942 _cHIN
_k920/PRA
_2ddc
999 _c22585
_d22585